Better Call Saul Trivia #B - Statistics

General Stats
  • This quiz has been taken 116 times
  • The average score is 8 of 15
Answer Stats
Hint Answer % Correct
Better Call Saul is the prequel to __ Breaking Bad
99%
Saul gets Lalo out on __ but has to collect the money. Bail
80%
Jimmy is seen hosting __ for the elderly Bingo
79%
Huells surname Babineaux
78%
Huell plants a __ on Chuck Battery
71%
Member of the cartel, Juan __ Bolsa
71%
Jimmy fakes a stunt on a __ and gets his film crew to film it Billboard
67%
Actor of Mike Jonathan Banks
67%
The skaters twins insult Abuelita as a __, which sets of Tuco Biznatch
61%
Daniel ("Pryce") is getting his __ __ stolen Baseball cards
55%
Highly rated episode of season 5 Bagman
31%
Saul meets his later cliente by selling __ Burner phones
22%
Hector insultingly calls the Chicken brothers the __ in spanish Butt Brothers
20%
Military person sharing the name with the actor of Don Eladio, Steven __ Bauer
14%
Doctor overseeing Hectors recovery Bruckner
2%
No matching quizzes found
Score Distribution
Percent of People with Each Score
Percentile by Number Answered
Your Score History
You have not taken this quiz